000 00413nam a22001577a 4500
005 20230821150626.0
008 230821b ||||| |||| 00| 0 eng d
040 _cAL
041 _aeng
082 _223
_a320
_bWADS
100 _aWadhwani and others
_9130378
245 _aSecond Course in Political Science
650 _aPolitical Science
_9130379
700 _aWADHWANI and others
_9130380
942 _2ddc
_cBK
999 _c228401
_d228401